00319nam a2200133Ia 4500008004100000041000800041082001600049100002100065245002200086260002900108300003100137365001100168440000600179240624s9999 xx 000 0 und d aeng a428.422 STE aSTEMPLESKI SUSAN aWORLD LINK BOOK 2 c2005aAustraliabThomson avii, : 154 : p. : cm. ; 28 cRSb10 v3